000 01536nam a2200481 i 4500
001 24684
003 KOSZ 005
005 20200422073756.0
008 970510s1995 pl a |000 0 pol
015 _aUWD 1995/6041
020 _a8385912746
035 _a991000056959705066
035 _a(PL-WaBN)b10053566-48omnis_nlop
035 _ab10053566
035 _a(OCoLC)830050624
035 _a(PL)b0000001005356
035 _a(EXLNZ-48OMNIS_NETWORK)9910116303305606
040 _aWA N
_cWA N
_dKOSZ 005/AR
041 _apol
044 _apl
046 _k1995
080 _a681.58
080 _a62-5
080 _a(075.8)
100 1 _aKomor, Zygmunt
_eAutor
245 1 0 _aAparatura automatyki /
_cZygmunt Komor.
260 _aWarszawa :
_bOficyna Wydawnicza Politechniki Warszawskiej,
_c1995.
300 _a159, [1] strona :
_bilustracje ;
_c24 cm.
336 _aTekst
_btxt
_2rdacontent
337 _aBez urządzenia pośredniczącego
_bn
_2rdamedia
338 _aWolumin
_bnc
_2rdacarrier
380 _aKsiążki
388 _a1901-2000
388 _a1989-2000
504 _aBibliografia na stronie [160], wykaz norm na stronie 152.
650 7 _aAutomatyka
_2DBN
655 7 _aPodręczniki akademickie
_2DBN
658 _aInżynieria i technika
710 2 _aOficyna Wydawnicza Politechniki Warszawskiej
_4pbl
856 _uhttp://koha.tu.koszalin.pl/cgi-bin/koha/opac-detail.pl?biblionumber=24684
_yKatalog online BPK
942 _2UKD
_cKS
999 _c24684
_d24684